000 00563nam a2200229Ia 4500
003 OSt
005 20220916111007.0
006 a|||||r|||| 00| 0
007 ta
008 220915b |||||||| |||| 00| 0 eng d
024 _a90439
037 _cTextbook
040 _beng
_aARTS
_cARTS
041 _aeng
082 _aT.4653, K3
110 _aIsrael education and culture. Ministry Of
245 0 _alagal basis of education in Israel
260 _c1963
650 _aEDUCATION
942 _hT.4653, K3
_cTB
_2CC
999 _c102892
_d102892